100 Biggest Cities of Cambodia on a Map - Statistics

General Stats
  • This quiz has been taken 42 times
  • The average score is 6 of 100
Answers on the Map
Answers color-coded by a green-red scale on the quiz's map according to % correct below.
 
Answer Stats
Population CIty % Correct
2,281,951 Phnom Penh
100%
245,494 Siem Reap
68%
119,251 Battambang
44%
73,036 Preah Sihanouk
24%
32,053 Kampot
21%
21,748 Kaeb
18%
38,365 Kampong Cham
18%
24,360 Preah Vihear
18%
28,317 Kracheh
15%
37,393 Pailin
15%
41,080 Kampong Chhnang
9%
36,254 Prey Veng
9%
41,424 Svay Rieng
9%
75,629 Ta Khmau
9%
58,255 Pursat
6%
99,019 Serei Saophoan
6%
16,110 | 16,694 Ampil
3%
16,026 Angk Ta Saom
3%
18,456 Anlong Veaeng
3%
16,479 Anlong Vil
3%
20,607 Baek Chan
3%
17,294 Ballangk
3%
30,399 Ban Lung
3%
19,752 Banteay Chhmar
3%
26,418 Banteay Neang
3%
25,163 Bavel
3%
43,783 Bavet
3%
16,021 Boeng Lvea
3%
21,135 Bos Khnor
3%
19,589 Chamnaom
3%
50,359 Chbar Mon
3%
16,017 Chheu Teal
3%
16,132 Chi Phoch
3%
17,458 Chob
3%
17,975 Chob Vari
3%
16,070 Chongruk
3%
22,898 Dar
3%
43,402 Doun Kaev
3%
17,462 Kak
3%
17,223 Kandaek
3%
20,671 Kandaol Chrum
3%
16,870 Kaong Kang
3%
16,783 Khsuem
3%
16,428 Khvav
3%
17,981 Kokir
3%
20,260 Kouk Romiet
3%
39,646 Kraek
3%
16,798 Krang Chek
3%
17,321 Krang Yov
3%
17,484 Kraya
3%
23,237 Leay Bour
3%
17,061 Memot
3%
17,674 Ou Prasat
3%
98,934 Paoy Paet
3%
22,659 Phnum Lieb
3%
16,798 Pou Angkrang
3%
21,301 Preaek Ambel
3%
20,744 Preaek Sdei
3%
16,799 Preaek Thmei
3%
16,449 Preah Bat Choan Chum
3%
22,317 Preak Kak
3%
18,417 Preak Netr Preah
3%
20,668 Prey Pnov
3%
16,132 Puok
3%
16,611 Roka
3%
27,161 Roka Po Pram
3%
18,662 Rovieng
3%
25,479 Ruessei Kraok
3%
20,424 Sampeou Poun
3%
70,944 Samraong
3%
22,816 Samraong Thum
3%
16,719 S'ang Phnum
3%
19,424 Seda
3%
16,398 Snam Preah
3%
16,473 Snuol
3%
19,679 Soea
3%
17,117 Srae Char
3%
20,749 Srae Nouy
3%
19,193 Sralab
3%
17,212 Stueng Kach
3%
53,118 Stueng Saen
3%
37,103 Stueng Traeng
3%
35,054 Suong
3%
20,720 Svay Chreah
3%
16,465 Svay Prateal
3%
20,138 Svay Teab
3%
19,543 Ta Kream
3%
17,699 Ta Lou
3%
17,100 Traeng Trayueng
3%
18,631 Traeuy Sla
3%
16,966 Trapeang chorng
3%
21,075 Trapeang Kong
3%
21,991 Trapeang Phlong
3%
28,589 Trapeang Prasat
3%
17,720 Trapeang Ruessei
3%
18,910 Trapeang Sab
3%
16,125 Tuek Chour
3%
16,454 Vihear Suork
3%
16,413 Voa Sar
3%
No matching quizzes found
Score Distribution
Percent of People with Each Score
Percentile by Number Answered
Your Score History
You have not taken this quiz